000 00450nam a22001817a 4500
003 CEME
005 20210628203649.0
008 210318b xxu||||| |||| 00| 0 eng d
020 _a0-02-802809-5
040 _c.
082 _a621.3 LIS'E
100 _aLister, Eugene. C
_966746
245 _aElectric circuits and machines
260 _aNEWYORK
_bMACMILLAN
_c1993
300 _a447P
650 _aELECTRIC ENGINEERING
_941136
942 _cBK
_2ddc
999 _c574659
_d574659